| 000 | 00704nam a2200217Ia 4500 | ||
|---|---|---|---|
| 005 | 20250508170013.0 | ||
| 008 | 008 250505s9999 xx 000 0 eng d | ||
| 020 | _a978-1-138-08931-0 | ||
| 037 | _aReference | ||
| 040 |
_aFEDL _beng _cFEDL |
||
| 041 |
_aeng _2eng |
||
| 084 |
_a379.2, GAN/RR _qFEDL |
||
| 100 |
_aGannon Susanne Ed. _9782684 |
||
| 245 | 0 | _aResisting educational inequality: Reframing policy and practice in schools serving vulnerable communities | |
| 260 |
_aLondon, UK _bRoutledge _c2018 |
||
| 300 | _axviii, 309p. | ||
| 365 |
_aGBP _b29.99 |
||
| 700 |
_a Hattam Robert Ed. Sawyer Wayne Ed. _9782685 |
||
| 942 |
_cREF _h379.2, GAN/RR |
||
| 999 |
_c1398629 _d1398629 |
||